000 00330 a2200157 4500
001 11975
020 _a9781848981140
040 _cAnchieta - Aquarius
100 _aOwen, Ruth
240 1 0 _aBlast Off!
_lpor
245 1 0 _aBlast Off!
300 _a
362 0 _a2009
650 4 _aLiteratura infantil em inglês
942 _cBK
999 _c11975
_d11975